10 Football Derbies #2 - Statistics

General Stats
  • This quiz has been taken 41 times
  • The average score is 10 of 20
Answer Stats
Derby Country Team % Correct
The Intercontinental Derby Turkey Galatasaray
93%
Old Firm United Kingdom (Scotland) Celtic
90%
Old Firm United Kingdom (Scotland) Rangers
90%
Basque Derby Spain Athletic Bilbao
83%
The Intercontinental Derby Turkey Fenerbahce
80%
Fla-Flu Brazil Flamengo
65%
Fla-Flu Brazil Fluminense
65%
Derby du Nord France Lille
65%
Second City Derby United Kingdom (England) Aston Villa
63%
Basque Derby Spain Real Sociedad
63%
Second City Derby United Kingdom (England) Birmingham City
60%
Cairo Derby Egypt Al-Ahly
45%
Derby Lombardo Italy Atalanta
45%
Derby du Nord France Lens
38%
Derby Lombardo Italy Brescia
30%
Cairo Derby Egypt Zamalek
18%
Super Match South Korea FC Seoul
8%
Hell Is Real Derby United States Columbus Crew
5%
Hell Is Real Derby United States FC Cincinnati
3%
Super Match South Korea Suwon Samsung Bluewings
3%
No matching quizzes found
Score Distribution
Percent of People with Each Score
Percentile by Number Answered
Your Score History
You have not taken this quiz